Planning use classes (Record no. 112967)

MARC details
000 -LEADER
fixed length control field 00856cad a22002055a 4500
001 - CONTROL NUMBER
control field L154388
008 - FIXED-LENGTH DATA ELEMENTS--GENERAL INFORMATION
fixed length control field 111122s2011 xxk f 000 0 eng d
035 ## - SYSTEM CONTROL NUMBER
System control number (Sirsi) u154388
041 0# - LANGUAGE CODE
Language code of text/sound track or separate title eng
110 2# - MAIN ENTRY--CORPORATE NAME
Corporate name or jurisdiction name as entry element Barclay, Christopher
9 (RLIN) 5993
245 00 - TITLE STATEMENT
Title Planning use classes
Medium [electronic resource]
260 ## - PUBLICATION, DISTRIBUTION, ETC.
Place of publication, distribution, etc. London
Name of publisher, distributor, etc. UK Parliament
Date of publication, distribution, etc. 2011
490 #0 - SERIES STATEMENT
Series statement House Of Commons Library Standard Note
Volume/sequential designation SN/SC/1301
520 ## - SUMMARY, ETC.
Summary, etc. This note describes the system of use class orders, which define those changes of use that can be made without requiring planning permission.
590 ## - LOCAL NOTE (RLIN)
Local note KA
651 #4 - SUBJECT ADDED ENTRY--GEOGRAPHIC NAME
Geographic name England and Wales
Chronological subdivision 1543-
690 ## - LOCAL SUBJECT ADDED ENTRY--TOPICAL TERM (OCLC, RLIN)
Topical term or geographic name as entry element ENVIRONMENTAL AND LAND CONSULTANCY-PLANNING AND DEVELOPMENT
856 40 - ELECTRONIC LOCATION AND ACCESS
Uniform Resource Identifier <a href="https://www.parliament.uk/business/publications/research/briefing-papers/SN01301">https://www.parliament.uk/business/publications/research/briefing-papers/SN01301</a>
Public note View the item free of charge at www.parliament.uk
942 ## - ADDED ENTRY ELEMENTS (KOHA)
Suppress in OPAC 0
Holdings
Withdrawn status Lost status Source of classification or shelving scheme Damaged status Not for loan Home library Current library Shelving location Date acquired Total Checkouts Full call number Barcode Date last seen Copy number Price effective from Koha item type
    Dewey Decimal Classification     Virtual Virtual Online 22/11/2011   ONLINE PUBLICATION 154388-2001 06/08/2019 1 06/08/2019 Book